[Event "BRA-ch U20"]
[Site "Sao Paulo"]
[Date "2012.06.09"]
[Round "6"]
[White "Devescovi Parreira, Pedro Paulo"]
[Black "De Sousa, Matheus Mazim"]
[Result "1-0"]
[WhiteElo "2085"]
[BlackElo "1818"]
[PlyCount "85"]
[EventDate "2012.06.07"]
[EventType "swiss"]
[EventRounds "7"]
[EventCountry "BRA"]
[SourceTitle "EXT 2014"]
[Source "ChessBase"]
[SourceDate "2013.11.20"]
[SourceVersion "1"]
[SourceVersionDate "2013.11.20"]
[SourceQuality "1"]

1. d4 d5 2. c4 e6 3. cxd5 exd5 4. Nc3 c6 5. Qc2 g6 6. Bf4 Bg7 7. e3 Bf5 8. Qb3 Qb6 9. Nf3 Na6 10. Be2 Nf6 11. Bd6 Ne4 12. Nxe4 Bxe4 13. 0-0 Bxf3 14. gxf3 Kd7 15. Qa3 Rhe8 16. Bxa6 Qxa6 17. Qxa6 bxa6 18. Bc5 Bf8 19. Bxf8 Rxf8 20. Rfc1 Rab8 21. Rc2 f5 22. Rac1 Rf6 23. a3 Re6 24. b4 Rb5 25. Rc5 Rxc5 26. bxc5 Re8 27. Rb1 Kc7 28. Kg2 g5 29. Kg3 Rg8 30. h4 g4 31. h5 h6 32. Rh1 gxf3+ 33. Kxf3 Rg5 34. Kf4 Kd7 35. Ke5 Ke7 36. Rb1 f4+ 37. Kxf4 Kf6 38. Rb7 Rf5+ 39. Kg4 Rxf2 40. Rc7 Rg2+ 41. Kf3 Rg7 42. Rxc6+ Kg5 43. Rg6+ 1-0

[Event "BRA-ch U20"]
[Site "Sao Paulo"]
[Date "2012.06.09"]
[Round "5"]
[White "Proudian, Armen"]
[Black "Devescovi Parreira, Pedro Paulo"]
[Result "1-0"]
[WhiteElo "2147"]
[BlackElo "2085"]
[PlyCount "81"]
[EventDate "2012.06.07"]
[EventType "swiss"]
[EventRounds "7"]
[EventCountry "BRA"]
[SourceTitle "EXT 2014"]
[Source "ChessBase"]
[SourceDate "2013.11.20"]
[SourceVersion "1"]
[SourceVersionDate "2013.11.20"]
[SourceQuality "1"]

1. e4 c5 2. Nf3 Nc6 3. d4 cxd4 4. Nxd4 Nf6 5. Nc3 e5 6. Ndb5 d6 7. Bg5 a6 8. Na3 b5 9. Nd5 Be7 10. Bxf6 Bxf6 11. c4 b4 12. Nc2 Bg5 13. g3 Qa5 14. b3 0-0 15. h4 Bh6 16. Bh3 Be6 17. Kf1 Qc5 18. Kg2 Ra7 19. Qd3 a5 20. Rad1 Kh8 21. Nde3 Bxe3 22. Nxe3 Rd8 23. Rd2 a4 24. Nc2 g6 25. Bxe6 fxe6 26. h5 gxh5 27. Qf3 Kg8 28. Rxh5 Rg7 29. Qf6 Re8 30. Rg5 Rxg5 31. Qxg5+ Kh8 32. Qf6+ Kg8 33. Ne3 Nd8 34. Ng4 Nf7 35. Rd3 Qc8 36. Rf3 Rf8 37. Qh4 h6 38. Qf6 axb3 39. Qg6+ Kh8 40. Nf6 bxa2 41. Qh7# 1-0

[Event "BRA-ch U25"]
[Site "Sao Paulo"]
[Date "2012.02.20"]
[Round "4"]
[White "Bueno, Alfeu Varela Jr"]
[Black "Devescovi Parreira, Pedro Paulo"]
[Result "0-1"]
[WhiteElo "2305"]
[BlackElo "2008"]
[PlyCount "82"]
[EventDate "2012.02.18"]
[EventType "swiss"]
[EventRounds "7"]
[EventCountry "BRA"]
[SourceTitle "CBM 147 Extra"]
[Source "ChessBase"]
[SourceDate "2012.04.24"]
[SourceVersion "1"]
[SourceVersionDate "2012.04.24"]
[SourceQuality "1"]

1. e4 c5 2. Nc3 Nc6 3. f4 g6 4. Nf3 Bg7 5. Bb5 Nd4 6. Bd3 d6 7. Nxd4 cxd4 8. Ne2 Nf6 9. 0-0 0-0 10. c3 dxc3 11. bxc3 b5 12. Bc2 Bb7 13. Ng3 h5 14. Re1 e5 15. d4 Qb6 16. fxe5 dxe5 17. Ba3 exd4 18. Qxd4 Qxd4+ 19. cxd4 Rfc8 20. Rac1 Bh6 21. Bb3 Bxc1 22. Bxc1 Nxe4 23. Nxe4 Bxe4 24. Bf4 Re8 25. d5 Kg7 26. Kf2 Bf5 27. Rd1 Rac8 28. Rd2 a5 29. Be3 f6 30. d6 Bd7 31. Bd5 Re5 32. Bf3 g5 33. g3 Rf5 34. Ke2 Rc3 35. Be4 Re5 36. Bd3 Bg4+ 37. Kf2 Rd5 38. Bxb5 Rxb5 39. d7 Bxd7 40. Rxd7+ Kg6 41. Rd2 Rf5+ 0-1

[Event "Sao Paulo Hebraica 13th"]
[Site "Sao Paulo"]
[Date "2012.01.14"]
[Round "7"]
[White "Rodrigues, Bruno Morado"]
[Black "Devescovi Parreira, Pedro Paulo"]
[Result "1/2-1/2"]
[WhiteElo "2066"]
[BlackElo "2008"]
[PlyCount "80"]
[EventDate "2012.01.09"]
[EventType "tourn"]
[EventRounds "9"]
[EventCountry "BRA"]
[SourceTitle "EXT 2014"]
[Source "ChessBase"]
[SourceDate "2013.11.20"]
[SourceVersion "1"]
[SourceVersionDate "2013.11.20"]
[SourceQuality "1"]

1. d4 Nf6 2. Nc3 d5 3. Bg5 Nbd7 4. Nf3 g6 5. h4 Bg7 6. e3 c5 7. Ne5 Qa5 8. Qd2 a6 9. Be2 e6 10. Bf4 h5 11. Ne4 Qxd2+ 12. Nxd2 b6 13. Bf3 Bb7 14. Ndc4 Bf8 15. Nxd7 Nxd7 16. Nd6+ Bxd6 17. Bxd6 Rc8 18. 0-0-0 c4 19. Rdg1 f5 20. Be2 Kf7 21. f3 Rcg8 22. g4 Bc6 23. Kd2 Rh7 24. b3 hxg4 25. fxg4 Nf6 26. Be5 Ne4+ 27. Ke1 Nc3 28. Bf3 Nxa2 29. h5 gxh5 30. g5 h4 31. Rh2 cxb3 32. cxb3 Nb4 33. Bf6 f4 34. Kd2 fxe3+ 35. Kxe3 Rg6 36. Bd1 Rxf6 37. gxf6 Kxf6 38. Rg4 Ke7 39. Rgxh4 Rxh4 40. Rxh4 Kd6 1/2-1/2

[Event "Sao Paulo Escola Politecnica 1st"]
[Site "Sao Paulo"]
[Date "2011.10.23"]
[Round "11.4"]
[White "Raimundo, Airton Carlos Nunes"]
[Black "Devescovi Parreira, Pedro Paulo"]
[Result "1/2-1/2"]
[WhiteElo "2057"]
[BlackElo "1951"]
[PlyCount "24"]
[EventDate "2011.10.14"]
[EventType "tourn"]
[EventRounds "11"]
[EventCountry "BRA"]
[SourceTitle "EXT 2022"]
[Source "ChessBase"]
[SourceDate "2021.10.06"]
[SourceVersion "1"]
[SourceVersionDate "2021.10.06"]
[SourceQuality "1"]

1. d4 Nf6 2. c4 g6 3. Nc3 Bg7 4. e4 d6 5. Nf3 0-0 6. Be2 e5 7. 0-0 Nc6 8. d5 Ne7 9. Ne1 Nd7 10. Be3 f5 11. f3 f4 12. Bf2 g5 1/2-1/2

[Event "Sao Paulo Escola Politecnica 1st"]
[Site "Sao Paulo"]
[Date "2011.10.20"]
[Round "6.6"]
[White "Devescovi Parreira, Pedro Paulo"]
[Black "Abdalla, Jose Lucas Aurelli"]
[Result "1-0"]
[WhiteElo "1951"]
[BlackElo "2014"]
[PlyCount "49"]
[EventDate "2011.10.14"]
[EventType "tourn"]
[EventRounds "11"]
[EventCountry "BRA"]
[SourceTitle "EXT 2022"]
[Source "ChessBase"]
[SourceDate "2021.10.06"]
[SourceVersion "1"]
[SourceVersionDate "2021.10.06"]
[SourceQuality "1"]

1. d4 Nf6 2. c4 c5 3. d5 b5 4. a4 Qa5+ 5. Bd2 b4 6. Qc2 Qc7 7. e4 d6 8. f4 e6 9. Nf3 exd5 10. cxd5 Qe7 11. Bb5+ Bd7 12. 0-0 Bxb5 13. axb5 Qb7 14. Re1 Be7 15. e5 dxe5 16. d6 e4 17. Qxc5 Bd8 18. Qxb4 0-0 19. Ne5 Bb6+ 20. Kh1 e3 21. Bxe3 Bxe3 22. Rxe3 Nd5 23. Qe4 f6 24. Nc6 Qxb5 25. Qxd5+ 1-0

[Event "Sao Bernardo do Campo LXSBC fin-B 2nd"]
[Site "Sao Bernardo do Campo"]
[Date "2011.01.27"]
[Round "7"]
[White "Devescovi Parreira, Pedro Paulo"]
[Black "Saito, Vinicius Ikezu"]
[Result "1/2-1/2"]
[WhiteElo "1892"]
[BlackElo "2043"]
[PlyCount "63"]
[EventDate "2011.01.22"]
[EventType "tourn"]
[EventRounds "10"]
[EventCountry "BRA"]
[SourceTitle "EXT 2012"]
[Source "ChessBase"]
[SourceDate "2011.11.24"]
[SourceVersion "1"]
[SourceVersionDate "2011.11.24"]
[SourceQuality "1"]

1. d4 Nf6 2. c4 g6 3. Nc3 Bg7 4. Nf3 d6 5. Bf4 0-0 6. e3 c6 7. h3 a6 8. Be2 Nfd7 9. Bh2 a5 10. 0-0 Na6 11. Qd2 e5 12. Rad1 Qe7 13. b3 f5 14. Na4 Nc7 15. c5 dxc5 16. dxe5 Nxe5 17. Nxe5 Bxe5 18. Bxe5 Qxe5 19. Nb6 Ra7 20. Nxc8 Rxc8 21. Qd7 Re8 22. Bc4+ Kh8 23. Bf7 Re7 24. Qc8+ Kg7 25. Bc4 Ne8 26. Rd7 b5 27. Rfd1 Nf6 28. Rxa7 Rxa7 29. Be2 Rc7 30. Qb8 Re7 31. Qxe5 Rxe5 32. Rd6 1/2-1/2

[Event "Sao Bernardo do Campo LXSBC fin-B 2nd"]
[Site "Sao Bernardo do Campo"]
[Date "2011.01.26"]
[Round "6"]
[White "Rodrigues, Bruno Morado"]
[Black "Devescovi Parreira, Pedro Paulo"]
[Result "1/2-1/2"]
[WhiteElo "2073"]
[BlackElo "1892"]
[PlyCount "53"]
[EventDate "2011.01.22"]
[EventType "tourn"]
[EventRounds "10"]
[EventCountry "BRA"]
[SourceTitle "EXT 2012"]
[Source "ChessBase"]
[SourceDate "2011.11.24"]
[SourceVersion "1"]
[SourceVersionDate "2011.11.24"]
[SourceQuality "1"]

1. e4 c5 2. Nf3 Nc6 3. c3 d5 4. exd5 Qxd5 5. Na3 Nf6 6. d4 e6 7. Nb5 Qd8 8. dxc5 Bxc5 9. Qxd8+ Kxd8 10. Bf4 Nd5 11. 0-0-0 Ke7 12. Bg3 a6 13. c4 Nf6 14. Nc3 b6 15. Bd3 Bb7 16. Rhe1 Rhd8 17. Bh4 Nb4 18. Bb1 Bxf3 19. gxf3 Bd4 20. Ne2 Rac8 21. b3 Ba1 22. a3 Nbd5 23. Be4 Nc3 24. Bb7 Nxd1 25. Bxc8 Bb2+ 26. Kc2 Rxc8 27. a4 1/2-1/2

[Event "Santos Paulista Absoluto"]
[Site "Santos"]
[Date "2010.08.21"]
[Round "4"]
[White "Devescovi Parreira, Pedro Paulo"]
[Black "Catozzo, Vinicius Jr"]
[Result "1-0"]
[WhiteElo "1831"]
[BlackElo "2071"]
[PlyCount "85"]
[EventDate "2010.08.19"]
[EventType "swiss"]
[EventRounds "7"]
[EventCountry "BRA"]
[SourceTitle "CBM 138 Extra"]
[Source "ChessBase"]
[SourceDate "2010.10.29"]
[SourceVersion "1"]
[SourceVersionDate "2010.10.29"]
[SourceQuality "1"]

1. d4 d5 2. c4 e6 3. cxd5 exd5 4. Nc3 c6 5. Qc2 Bg4 6. Bf4 Nf6 7. e3 Bd6 8. Bxd6 Qxd6 9. Bd3 Nbd7 10. f3 Bh5 11. Nge2 Bg6 12. 0-0 Bxd3 13. Qxd3 0-0 14. Rad1 Rfe8 15. Ng3 c5 16. Rfe1 Rad8 17. Nf5 Qc6 18. g4 c4 19. Qd2 Nf8 20. Qf2 b5 21. Ne2 Ng6 22. h4 h5 23. g5 Nd7 24. Neg3 Qe6 25. Qc2 f6 26. Nxh5 fxg5 27. Nhxg7 Qf6 28. Nxe8 Rxe8 29. h5 Ngf8 30. Kf2 Ne6 31. Rg1 Ndf8 32. Rg3 Kh8 33. Nd6 Rb8 34. Qf5 Qxf5 35. Nxf5 Kh7 36. Ne7 Rd8 37. Nc6 Rd6 38. Ne5 Ra6 39. a3 Kh6 40. Nf7+ Kxh5 41. Nxg5 Nxg5 42. f4 Nfe6 43. fxg5 1-0

[Event "Santos Paulista Absoluto"]
[Site "Santos"]
[Date "2010.08.20"]
[Round "5"]
[White "Pires, Marcos Vinicius Tor"]
[Black "Devescovi Parreira, Pedro Paulo"]
[Result "1-0"]
[WhiteElo "2113"]
[BlackElo "1831"]
[PlyCount "77"]
[EventDate "2010.08.19"]
[EventType "swiss"]
[EventRounds "7"]
[EventCountry "BRA"]
[SourceTitle "CBM 138 Extra"]
[Source "ChessBase"]
[SourceDate "2010.10.29"]
[SourceVersion "1"]
[SourceVersionDate "2010.10.29"]
[SourceQuality "1"]

1. d4 Nf6 2. c4 g6 3. Nc3 Bg7 4. e4 d6 5. Be2 0-0 6. Nf3 e5 7. 0-0 Nc6 8. d5 Ne7 9. Ne1 Ne8 10. Be3 f5 11. f3 f4 12. Bf2 g5 13. c5 Rf6 14. a4 Rg6 15. cxd6 Nxd6 16. Rc1 a6 17. b4 Qf8 18. b5 Ne8 19. bxa6 bxa6 20. Nd3 h5 21. Nc5 g4 22. fxg4 hxg4 23. Ne6 Bxe6 24. dxe6 f3 25. Be3 Bh6 26. Qd2 Bf4 27. Bc4 Nd6 28. Ba2 Bxh2+ 29. Kxh2 Qf6 30. g3 Kg7 31. Rh1 Rd8 32. Nd5 Nxd5 33. Bxd5 Nxe4 34. Rxc7+ Kf8 35. e7+ Qxe7 36. Bh6+ Ke8 37. Rxe7+ Kxe7 38. Qb4+ Nd6 39. Be3 1-0

[Event "BRA-ch U18"]
[Site "Catanduva"]
[Date "2010.06.04"]
[Round "3.5"]
[White "Devescovi Parreira, Pedro Paulo"]
[Black "Macedo, Thiago Crema"]
[Result "0-1"]
[WhiteElo "1786"]
[BlackElo "2086"]
[PlyCount "124"]
[EventDate "2010.06.03"]
[EventType "swiss"]
[EventRounds "7"]
[EventCountry "BRA"]
[SourceTitle "EXT 2022"]
[Source "ChessBase"]
[SourceDate "2021.10.06"]
[SourceVersion "1"]
[SourceVersionDate "2021.10.06"]
[SourceQuality "1"]

1. d4 Nf6 2. c4 d6 3. Bf4 Nbd7 4. Nf3 c6 5. Nc3 Qa5 6. h3 e5 7. Bh2 e4 8. Nd2 d5 9. e3 a6 10. Nb3 Qd8 11. cxd5 cxd5 12. Rc1 Be7 13. a3 0-0 14. Na4 Ne8 15. Be2 Bd6 16. Bxd6 Nxd6 17. Qc2 Qg5 18. g3 b5 19. Nac5 Nb6 20. Na5 Ra7 21. h4 Qg6 22. Nc6 Rc7 23. Ne5 Qh6 24. b3 f6 25. Ng4 Qg6 26. Qd1 Qe8 27. h5 h6 28. Kf1 Nf7 29. Kg2 f5 30. Nh2 Ng5 31. Qd2 Re7 32. Qa5 Rf6 33. a4 bxa4 34. bxa4 Nc4 35. Qc3 Kh7 36. Nf1 Nf3 37. Bxc4 dxc4 38. Qxc4 f4 39. exf4 Bg4 40. Ne3 Nd2 41. Qd5 Bf3+ 42. Kg1 Bxh1 43. Kxh1 Qc8 44. Kg2 Rf8 45. Rc2 Nf3 46. Re2 Rd8 47. Qf5+ Qxf5 48. Nxf5 Nxd4 49. Rd2 Rc7 50. Rxd4 Rxd4 51. Nxa6 Ra7 52. Nxd4 Rxa6 53. Nc2 Rxa4 54. Ne3 Ra2 55. f5 Kg8 56. g4 Kf7 57. Kg3 Kf6 58. Nd5+ Ke5 59. Ne3 Ra3 60. Kh4 Kf4 61. Nd5+ Kf3 62. g5 Ra1 0-1

[Event "BRA-ch U18"]
[Site "Catanduva"]
[Date "2010.06.03"]
[Round "2.6"]
[White "Massarioli, Felipe Alvarenga"]
[Black "Devescovi Parreira, Pedro Paulo"]
[Result "1/2-1/2"]
[WhiteElo "2049"]
[BlackElo "1786"]
[PlyCount "76"]
[EventDate "2010.06.03"]
[EventType "swiss"]
[EventRounds "7"]
[EventCountry "BRA"]
[SourceTitle "EXT 2022"]
[Source "ChessBase"]
[SourceDate "2021.10.06"]
[SourceVersion "1"]
[SourceVersionDate "2021.10.06"]
[SourceQuality "1"]

1. e4 c5 2. Nf3 Nc6 3. c4 g6 4. d4 Bg7 5. d5 Nd4 6. Nc3 d6 7. Be3 Bg4 8. h3 Bxf3 9. gxf3 Qa5 10. Bg2 Qb4 11. 0-0 Qxc4 12. Re1 Qb4 13. Rb1 Nf6 14. f4 0-0 15. a3 Qa5 16. Bxd4 cxd4 17. Qxd4 Nd7 18. e5 Qc7 19. Nb5 Qb8 20. Qb4 a5 21. Qa4 dxe5 22. Nc3 Nc5 23. Qb5 Rc8 24. b4 axb4 25. axb4 exf4 26. bxc5 Bxc3 27. Rxe7 f3 28. Bxf3 Qf4 29. Qe2 Qg5+ 30. Bg2 Rxc5 31. Rexb7 Be5 32. Qf3 Bc7 33. d6 Rc1+ 34. Rxc1 Qxc1+ 35. Bf1 Ra1 36. Qe2 Qg5+ 37. Qg4 Qxg4+ 38. hxg4 Bxd6 1/2-1/2

[Event "Sindilegis op-B"]
[Site "Sindilegis"]
[Date "2009.10.24"]
[Round "?"]
[White "Devescovi Parreira, Pedro Paulo"]
[Black "Barbosa, Fernando"]
[Result "0-1"]
[WhiteElo "1759"]
[BlackElo "2043"]
[PlyCount "94"]
[EventDate "2009.10.23"]
[EventType "swiss"]
[EventRounds "6"]
[EventCountry "BRA"]
[SourceTitle "EXT 2012"]
[Source "ChessBase"]
[SourceDate "2011.11.24"]
[SourceVersion "1"]
[SourceVersionDate "2011.11.24"]
[SourceQuality "1"]

1. d4 d5 2. c4 dxc4 3. e4 e5 4. Nf3 exd4 5. Bxc4 Bb4+ 6. Bd2 Bxd2+ 7. Nbxd2 Nc6 8. Nb3 Nge7 9. Nbxd4 0-0 10. 0-0 Bg4 11. h3 Bh5 12. Nxc6 Nxc6 13. Re1 Ne5 14. Qxd8 Nxf3+ 15. gxf3 Raxd8 16. Kg2 Rd4 17. Bb3 Rfd8 18. Rad1 Rd3 19. Rxd3 Rxd3 20. Re3 Rd2 21. Rc3 c6 22. Rc2 Rd3 23. Rc3 Rxc3 24. bxc3 Kf8 25. Kg3 Ke7 26. e5 b5 27. a4 bxa4 28. Bxa4 Ke6 29. f4 f6 30. exf6 gxf6 31. Bxc6 Bd1 32. Bb5 Bb3 33. Ba6 Kd5 34. Kg4 Bc4 35. Bxc4+ Kxc4 36. Kf5 a5 37. Kxf6 a4 38. f5 a3 39. Kg7 a2 40. f6 a1Q 41. f7 Qg1+ 42. Kxh7 Qxf2 43. Kg8 Qg3+ 44. Kh7 Qf4 45. Kg7 Qg5+ 46. Kh7 Qf6 47. Kg8 Qg6+ 0-1